| 000 | 00755nam a2200277 a 4500 | ||
|---|---|---|---|
| 003 | AR-BaBNM | ||
| 005 | 20251128205056.0 | ||
| 008 | 082120s2002 ||||||||||||||000 | spa|| | ||
| 020 | _a950-04-1050-8 | ||
| 040 | _cAR-BaBNM | ||
| 100 | 1 | _aBilton, Michael | |
| 245 | 0 | 0 |
_aHablando claro _btestimonios inéditos sobre la guerra de las Malvinas |
| 250 | _a1ª ed. | ||
| 260 |
_aBuenos Aires _bEmecé _c1991 |
||
| 300 |
_a355 p. _bil. |
||
| 600 | 0 | 4 |
_aGaltieri _d1981-1982 |
| 650 | 4 | _aHISTORIA ARGENTINA | |
| 650 | 4 | _aGUERRA DE MALVINAS | |
| 650 | 4 | _aOCUPACION DE MALVINAS | |
| 650 | 4 | _aHISTORIA MILITAR | |
| 651 | 4 | _aIslas Malvinas | |
| 700 | 1 | _aKosminsky, Peter | |
| 700 | 1 |
_aAndrada, Benigno H. _etraductor |
|
| 942 | _cBK | ||
| 998 | _cEnrique | ||
| 999 |
_c9889 _d9889 |
||